| 000 | 01509nam a2200301Ia 4500 | ||
|---|---|---|---|
| 999 |
_c4910 _d4910 |
||
| 003 | OSt | ||
| 005 | 20200325110251.0 | ||
| 008 | 191128s1979 mx ad fr 000 0dspa d | ||
| 020 | _a9681809610 | ||
| 040 |
_aCO-JMCR _cCO-JMCR |
||
| 041 | 1 |
_aspa _heng |
|
| 082 | 0 | 4 |
_a003.0285 / _bB629a |
| 100 | 1 |
_aBlackman, Maurice, _eautor _91688 |
|
| 245 | 1 | 0 |
_aAplicaciones en tiempo real : _bdiseño e implantación / _cMaurice Blackman ; versión española, Sergio Fernandez Everest ; revisión, Enrique Perez Segui |
| 250 | _aPrimera edición | ||
| 260 |
_aMéxico : _bLimusa, _c1979 |
||
| 300 |
_axxiv, 305 páginas : _bgráficos a blanco y negro ; _c23 cm. |
||
| 500 | _aTítulo original: The desing of real time applications | ||
| 505 | 0 | _aLa naturaleza del tiempo real -- Diseño de sistemas de aplicación -- Instalación de sistemas de aplicación -- Conversión y conclusión | |
| 520 | _aEsta obra presenta la manera en que se utiliza y se diseña el modo del tiempo real. Indica cómo empezar a desarrollar esta técnica y hacer énfasis en los problemas especiales del diseño de sistemas en tiempo real para la definición lógica de datos. | ||
| 546 | _aTraducido del inglés | ||
| 650 | 1 | 4 |
_aDiseño de sistemas _91689 |
| 650 | 1 | 4 |
_aSistemas de tiempo real _xproceso de información _91690 |
| 650 | 1 | 4 |
_aProcesamiento electrónico de datos _xtiempo real _91691 |
| 700 | 1 |
_aFernandez Everest, Sergio, _etraductor _d _91692 |
|
| 700 | 1 |
_aPerez Segui, Enrique, _erevisor _91693 |
|
| 942 |
_2ddc _cBK |
||